Identifikácia kritických miest gramotnosti - internet a digitálna gramotnosť

Spoločná spotrebiteľská politika EÚ a jej uplatnenie v SR s dopadom na vzdelávanie spotrebiteľov. Z pohľadu identifikácie kritických miest gramotnosti je veľmi dôležité systemizované vzdelávanie a rozsev informácií pre spotrebiteľov, a to výrobcami, obchodníkmi, nezávislými inštitúciami. Identifikác...

Descrizione completa

Salvato in:
Dettagli Bibliografici
Autore principale: Orgonáš, Jozef, 1957-
Natura: Capitolo di libro
Lingua:slovacco
Soggetti:
Tags: Aggiungi Tag
Nessun Tag, puoi essere il primo ad aggiungerne!!

MARC

LEADER 00000nla a2200000 4500
001 0195819
005 20240502073307.4
041 0 |a slo 
044 |a SK 
245 1 0 |a Identifikácia kritických miest gramotnosti - internet a digitálna gramotnosť  |c Jozef Orgonáš 
520 |a Spoločná spotrebiteľská politika EÚ a jej uplatnenie v SR s dopadom na vzdelávanie spotrebiteľov. Z pohľadu identifikácie kritických miest gramotnosti je veľmi dôležité systemizované vzdelávanie a rozsev informácií pre spotrebiteľov, a to výrobcami, obchodníkmi, nezávislými inštitúciami. Identifikácia problémov v oblasti digitálnej gramotnosti a používania internetu. 
610 2 0 |a spotrebitelia 
610 2 0 |a politika spotrebiteľská 
610 2 0 |a vzdelávanie 
610 2 0 |a gramotnosť digitálna 
610 2 0 |a Európska únia 
610 2 0 |a Slovensko 
100 1 |a Orgonáš, Jozef, 1957-